[Event "Unive Open"]
[Site "Hoogeveen NED"]
[Date "2010.10.22"]
[Round "1"]
[White "Kollen, Zyon"]
[Black "Okkes, Menno"]
[Result "0-1"]
[BlackTitle "FM"]
[WhiteElo "2046"]
[BlackElo "2378"]
[WhiteFideId "1024256"]
[BlackFideId "1000756"]
[EventDate "2010.10.22"]

1. e4 c5 2. Nf3 Nc6 3. d4 cxd4 4. Nxd4 Nf6 5. Nc3 d6 6. Bg5 e6 7. Qd2 Be7 8.
Bxf6 Bxf6 9. Ndb5 O-O 10. Nxd6 Bxc3 11. bxc3 Qc7 12. Bc4 b6 13. Nxc8 Raxc8 14.
Ba6 Rcd8 15. Qe3 Qe5 16. O-O Qa5 17. Bc4 Ne5 18. Bb3 Rc8 19. Rad1 Rxc3 20. Qe2
Qc5 21. Rd2 g6 22. Rfd1 Kg7 23. Rd8 Rxd8 24. Rxd8 b5 25. Qd2 a5 26. Qf4 Qc7 27.
Kf1 Qxd8 28. Qxe5+ Qf6 29. Qxb5 Qd4 30. f3 Qc5 31. Qxc5 Rxc5 32. Ke2 e5 33. Kd3
f6 34. a4 Kf8 35. Bd5 Rc7 36. g3 Ke7 37. f4 Kd6 38. Bb3 g5 39. fxg5 fxg5 40. Ke3
Rc3+ 41. Kd2 Rf3 42. Ke2 Rf6 0-1

[Event "Unive Open"]
[Site "Hoogeveen NED"]
[Date "2010.10.22"]
[Round "1"]
[White "Vedder, Henk"]
[Black "Zuiderweg, Edwin"]
[Result "1-0"]
[WhiteElo "2372"]
[BlackElo "2044"]
[WhiteFideId "1002872"]
[BlackFideId "1012207"]
[EventDate "2010.10.22"]

1. e4 d5 2. exd5 Nf6 3. Nc3 Nxd5 4. Bc4 c6 5. d4 Nxc3 6. bxc3 e6 7. Nf3 Be7 8.
O-O O-O 9. Re1 c5 10. Ne5 Nc6 11. Nxc6 bxc6 12. Bf4 Qa5 13. Re3 Ba6 14. Bxa6
Qxa6 15. Qg4 cxd4 16. Bh6 g6 17. Bxf8 Bxf8 18. cxd4 Bg7 19. c3 Rb8 20. Qe2 Qa3
21. Qc4 Rb2 22. Qxc6 Qxa2 23. Ree1 Re2 24. Rf1 Qd2 25. Rxa7 Qf4 26. Ra8+ Bf8 27.
Qc5 Qh6 28. g3 Rc2 29. Rb1 Rc1+ 30. Rxc1 Qxc1+ 31. Kg2 Qh6 32. Qd6 g5 33. c4 f5
34. d5 1-0

[Event "Unive Open"]
[Site "Hoogeveen NED"]
[Date "2010.10.22"]
[Round "1"]
[White "Klapwijk, Bram"]
[Black "Raznikov, Danny"]
[Result "1/2-1/2"]
[BlackTitle "FM"]
[WhiteElo "2022"]
[BlackElo "2354"]
[WhiteFideId "1009133"]
[BlackFideId "2811154"]
[EventDate "2010.10.22"]

1. e4 c5 2. Nc3 d6 3. f4 g6 4. Nf3 Bg7 5. Bc4 Nc6 6. d3 Nf6 7. O-O O-O 8. Bb3 a5
9. a4 Nd4 10. Nxd4 cxd4 11. Nb5 Nd7 12. c3 dxc3 13. bxc3 Nc5 14. Bc2 f5 15. e5
d5 16. Be3 b6 17. Qf3 Bb7 18. Qf2 Qc8 19. Rab1 Rd8 20. Rb2 Ba6 21. Rfb1 Bf8 22.
Bd4 Rb8 23. Qe3 Qe6 24. Na7 Qd7 25. Nb5 Qc6 26. Na7 Qc7 27. Nb5 Bxb5 28. Rxb5 e6
29. Qc1 Nd7 30. Qb2 Rdc8 31. Kf1 Bc5 32. Bxc5 bxc5 1/2-1/2

[Event "Unive Open"]
[Site "Hoogeveen NED"]
[Date "2010.10.22"]
[Round "1"]
[White "L'Ami, Alina"]
[Black "Warmelink, Evie"]
[Result "1-0"]
[WhiteTitle "WGM"]
[WhiteElo "2339"]
[BlackElo "1977"]
[WhiteFideId "1210246"]
[BlackFideId "1028154"]
[EventDate "2010.10.22"]

1. d4 Nf6 2. c4 c5 3. d5 b5 4. cxb5 a6 5. bxa6 g6 6. Nc3 Bxa6 7. e4 Bxf1 8. Kxf1
d6 9. Nf3 Nbd7 10. g3 Bg7 11. Kg2 O-O 12. Re1 Qc7 13. h3 Rfb8 14. Re2 Nb6 15. a4
Nfd7 16. Qc2 Nc4 17. Ne1 Na5 18. Nb5 Qb7 19. Bd2 Nb6 20. Bc3 Qd7 21. Bxg7 Kxg7
22. b3 c4 23. bxc4 Naxc4 24. Qc3+ Kg8 25. Rea2 Rc8 26. Qb4 Na5 27. Rc2 Rxc2 28.
Nxc2 Qc8 29. Nbd4 Nd7 30. Ne3 Qc5 31. Qd2 Ne5 32. Rc1 Qa3 33. f4 Qd3 34. Qxd3
Nxd3 35. Rc7 Kf8 36. Nc6 Nxc6 37. dxc6 Nc5 38. Nd5 Nxa4 39. Nxe7 Re8 40. Nd5
Rxe4 41. Ra7 1-0

[Event "Unive Open"]
[Site "Hoogeveen NED"]
[Date "2010.10.23"]
[Round "2"]
[White "L'Ami, Erwin"]
[Black "Hendriks, Willy"]
[Result "1-0"]
[WhiteTitle "GM"]
[BlackTitle "IM"]
[WhiteElo "2624"]
[BlackElo "2424"]
[WhiteFideId "1007998"]
[BlackFideId "1000713"]
[EventDate "2010.10.22"]

1. d4 Nf6 2. c4 g6 3. Nf3 Bg7 4. g3 O-O 5. Bg2 d6 6. O-O Nbd7 7. Nc3 e5 8. e4 c6
9. h3 Qa5 10. Re1 exd4 11. Nxd4 Ne5 12. Bf1 Be6 13. Nxe6 fxe6 14. Kg2 Rad8 15.
f4 Nf7 16. Qa4 Qxa4 17. Nxa4 e5 18. f5 gxf5 19. exf5 h5 20. Be2 Kh7 21. Be3 b6
22. Nc3 Bh6 23. Bf2 Rg8 24. Rad1 d5 25. cxd5 cxd5 26. Bb5 Rg5 27. Ba4 e4 28. Bd4
Rdg8 29. Ne2 Bg7 30. Bxf6 Bxf6 31. Rxd5 Ne5 32. Bc2 Nf3 33. Red1 Be5 34. Bxe4
Nh4+ 35. Kf2 Bxg3+ 36. Nxg3 Rxg3 37. Rd7+ Kh8 38. f6 1-0

[Event "Unive Open"]
[Site "Hoogeveen NED"]
[Date "2010.10.23"]
[Round "2"]
[White "Slingerland, Fred"]
[Black "Ernst, Sipke"]
[Result "1-0"]
[WhiteTitle "IM"]
[BlackTitle "GM"]
[WhiteElo "2411"]
[BlackElo "2587"]
[WhiteFideId "1002473"]
[BlackFideId "1004689"]
[EventDate "2010.10.22"]

1. e4 c6 2. d4 d5 3. Nc3 dxe4 4. Nxe4 Bf5 5. Ng3 Bg6 6. Nh3 e6 7. Bc4 Bd6 8. Nf4
Nf6 9. O-O Qc7 10. Nxg6 hxg6 11. Qf3 Nbd7 12. Bg5 O-O-O 13. h3 Rde8 14. Rfe1 Kb8
15. c3 Ka8 16. a4 a5 17. b4 Nb6 18. Bf1 axb4 19. a5 Nbd5 20. c4 Nc3 21. Bd2 e5
22. c5 exd4 23. cxd6 Qxd6 24. Bc4 Rxe1+ 25. Rxe1 Qc5 26. Qd3 Rd8 27. a6 b5 28.
Bxf7 Nfd5 29. Qxg6 b3 30. Bxd5 Qxd5 31. Bxc3 dxc3 32. Qxg7 c5 33. Qxc3 b4 34.
Qg7 Rd7 35. Qf6 Ka7 36. Ne4 c4 37. h4 Qd4 38. Qf8 c3 39. Nc5 Qd2 40. Qe8 1-0

[Event "Unive Open"]
[Site "Hoogeveen NED"]
[Date "2010.10.23"]
[Round "2"]
[White "Nijboer, Friso"]
[Black "De Jong, Migchiel"]
[Result "1/2-1/2"]
[WhiteTitle "GM"]
[BlackTitle "FM"]
[WhiteElo "2582"]
[BlackElo "2397"]
[WhiteFideId "1000063"]
[BlackFideId "1002848"]
[EventDate "2010.10.22"]

1. e4 c5 2. Nf3 e6 3. Nc3 a6 4. d4 cxd4 5. Nxd4 b5 6. Bd3 Bb7 7. O-O Nc6 8. Nxc6
Bxc6 9. Bf4 d6 10. Qe2 Nf6 11. a4 b4 12. Nb1 Be7 13. Nd2 Bb7 14. Rfd1 O-O 15. a5
d5 16. e5 Nd7 17. Nb3 Re8 18. Bd2 Qc7 19. Re1 f5 20. exf6 Bxf6 21. Bxb4 Bxb2 22.
Rab1 Bf6 23. c3 e5 24. Bf5 e4 25. Qe3 Ne5 26. Qh3 g6 27. Be6+ Kh8 28. Nc5 Bc8
29. Bxc8 Qxc8 30. Qxc8 Raxc8 31. Red1 Red8 32. Nb7 Rd7 33. Nc5 Rdd8 34. Ne6 Rd7
35. Nf4 Rcd8 36. Bc5 Nc4 37. Bd4 Bxd4 38. Rxd4 Nxa5 39. Rb6 1/2-1/2

[Event "Unive Open"]
[Site "Hoogeveen NED"]
[Date "2010.10.23"]
[Round "2"]
[White "Moskalenko, Viktor"]
[Black "Vedder, Henk"]
[Result "1/2-1/2"]
[WhiteTitle "GM"]
[WhiteElo "2580"]
[BlackElo "2372"]
[WhiteFideId "14100100"]
[BlackFideId "1002872"]
[EventDate "2010.10.22"]

1. e4 e6 2. b3 e5 3. Bb2 Nc6 4. Nf3 d6 5. d4 exd4 6. Nxd4 Nxd4 7. Qxd4 Qf6 8.
Na3 Qxd4 9. Bxd4 a6 10. Nc4 Bd7 11. O-O-O O-O-O 12. Be2 Ne7 13. Ne3 Nc6 14. Bb2
Re8 15. Bh5 Rxe4 16. Bxf7 Rf4 17. Bh5 Rxf2 18. Bf3 Be7 19. Bxg7 Rg8 20. Bh6 Ne5
21. Rhf1 Rxf1 22. Rxf1 Rg6 23. Bf4 Nxf3 24. Rxf3 Bc6 25. Rh3 Bxg2 26. Rxh7 Bf6
27. Kd2 Be4 28. Rf7 Bh4 29. c4 Rf6 30. Rxf6 Bxf6 31. Nd5 Bd8 32. Ke3 Bf5 33. Bg3
Bg5+ 34. Bf4 Bd8 35. Bg3 Bg5+ 36. Kd4 Kd7 1/2-1/2

[Event "Unive Open"]
[Site "Hoogeveen NED"]
[Date "2010.10.23"]
[Round "2"]
[White "Sengupta, Deep"]
[Black "L'Ami, Alina"]
[Result "1/2-1/2"]
[WhiteTitle "GM"]
[BlackTitle "WGM"]
[WhiteElo "2558"]
[BlackElo "2339"]
[WhiteFideId "5008352"]
[BlackFideId "1210246"]
[EventDate "2010.10.22"]

1. e4 c5 2. Nf3 d6 3. d4 cxd4 4. Nxd4 Nf6 5. Nc3 a6 6. Bg5 Nbd7 7. f4 Qc7 8. Qf3
h6 9. Bh4 g5 10. fxg5 hxg5 11. Bxg5 Qc5 12. Be3 Ne5 13. Qe2 Neg4 14. Bg1 Bh6 15.
a3 Qe5 16. g3 Bd7 17. Bg2 Rc8 18. Rd1 Qa5 19. Nb3 Qg5 20. Nd4 Qa5 21. Nb3 Qg5
22. Nd4 Qa5 1/2-1/2

[Event "Unive Open"]
[Site "Hoogeveen NED"]
[Date "2010.10.23"]
[Round "2"]
[White "Okkes, Menno"]
[Black "Ulibin, Mikhail"]
[Result "1-0"]
[WhiteTitle "FM"]
[BlackTitle "GM"]
[WhiteElo "2378"]
[BlackElo "2544"]
[WhiteFideId "1000756"]
[BlackFideId "4101405"]
[EventDate "2010.10.22"]

1. e4 e6 2. d4 d5 3. Nc3 Bb4 4. e5 b6 5. Bd2 Ba6 6. Bxa6 Nxa6 7. Qe2 Qc8 8. Nf3
Ne7 9. O-O O-O 10. Bg5 h6 11. a3 hxg5 12. axb4 Nxb4 13. Nxg5 Nf5 14. Nd1 c5 15.
c3 Nc6 16. Qh5 Nh6 17. Ne3 f6 18. exf6 Rxf6 19. Ng4 Nxg4 20. Qh7+ Kf8 21. Qh8+
Ke7 22. Qxg7+ Kd6 23. dxc5+ Kxc5 24. b4+ Kb5 25. c4+ Kxc4 26. Rfc1+ Kxb4 27. Qh7
Nd4 28. Rab1+ Nb3 29. Rxc8 Rxc8 30. Qh3 Rc3 31. Qxg4+ Ka3 32. Nxe6 Ka2 33. Rd1
Kb2 34. Qe2+ 1-0

[Event "Unive Open"]
[Site "Hoogeveen NED"]
[Date "2010.10.23"]
[Round "2"]
[White "Stella, Andrea"]
[Black "Nyzhnyk, Illya"]
[Result "0-1"]
[WhiteTitle "FM"]
[BlackTitle "IM"]
[WhiteElo "2334"]
[BlackElo "2538"]
[WhiteFideId "827061"]
[BlackFideId "14118084"]
[EventDate "2010.10.22"]

1. d4 Nf6 2. c4 g6 3. Nc3 Bg7 4. e4 d6 5. Be2 O-O 6. Nf3 e5 7. O-O Nc6 8. d5 Ne7
9. Nd2 Nd7 10. b4 f5 11. c5 Nf6 12. f3 f4 13. Nc4 g5 14. a4 h5 15. Ba3 Ne8 16.
b5 Rf6 17. b6 axb6 18. cxd6 cxd6 19. Qb3 Ng6 20. Nxb6 Rb8 21. Rac1 Rf7 22. a5
Bf8 23. Nxc8 Rxc8 24. Qb6 Qe7 25. Nb5 Ra8 26. Na7 g4 27. fxg4 Qg5 28. gxh5 Nh4
29. Bf3 Rg7 30. Rc2 Nxf3+ 31. Rxf3 Qxh5 32. Rcf2 Qh7 33. Nb5 Qxe4 34. Nxd6 Nxd6
35. Bxd6 Ra6 0-1

[Event "Unive Open"]
[Site "Hoogeveen NED"]
[Date "2010.10.23"]
[Round "2"]
[White "Van Geffen, Ben"]
[Black "Perez Candelario, Manuel"]
[Result "0-1"]
[BlackTitle "IM"]
[WhiteElo "2171"]
[BlackElo "2526"]
[WhiteFideId "1009370"]
[BlackFideId "2210622"]
[EventDate "2010.10.22"]

1. e4 c5 2. Nf3 e6 3. d4 cxd4 4. Nxd4 a6 5. Bd3 Nf6 6. O-O d6 7. Nc3 Nbd7 8. Kh1
b5 9. a3 Bb7 10. Qe2 Nc5 11. f4 Be7 12. Nf3 Nxd3 13. cxd3 O-O 14. Be3 Rc8 15.
Rac1 Nd7 16. b4 Re8 17. Qf2 Bf8 18. Nd4 g6 19. h3 Qe7 20. Nb3 Ba8 21. Bd2 Nf6
22. a4 bxa4 23. Nxa4 Rxc1 24. Rxc1 Qd7 25. Nb6 Qb5 26. Nxa8 Rxa8 27. Qd4 Nh5 28.
Kh2 e5 29. fxe5 Bg7 30. Qc4 Qxe5+ 31. Kg1 Ng3 32. Re1 h5 33. Qc6 Rb8 34. Qxa6 h4
35. Qc4 Qe7 36. Nd4 Ra8 37. Nf3 Bf6 38. Bc3 Ra3 39. e5 dxe5 40. Bxe5 Bxe5 41.
Nxe5 Ra4 42. Qc5 Qf6 43. Nd7 Ne2+ 44. Kh1 Qf4 45. Qe5 Ng3+ 46. Kg1 Qxe5 47. Nxe5
Rxb4 48. Kf2 Rb2+ 49. Kf3 Rd2 50. Ra1 g5 51. Ra8+ Kg7 52. Ra7 Kf6 53. Ng4+ Kg6
54. Ne5+ Kf5 55. Ra5 Ke6 56. Ng4 Rxd3+ 57. Kf2 f5 58. Ne3 Rb3 59. Nc4 Ne4+ 60.
Ke2 Rc3 61. Ra6+ Ke7 62. Ra7+ Kf6 63. Ra6+ Kg7 64. Ne3 Rc5 65. Kd3 Ng3 66. Kd4
Rb5 67. Ra2 Kg6 68. Ra6+ Kg7 69. Ra7+ Kg6 70. Ra6+ Kf7 71. Ra7+ Ke6 72. Ra6+ Kd7
73. Ra7+ Kc6 74. Ra6+ Kb7 75. Ra2 Rb4+ 76. Kc5 Rb1 77. Nc4 Ne4+ 78. Kd4 Rc1 79.
Ne3 Ng3 80. Rb2+ Kc6 81. Rf2 f4 82. Rc2+ Rxc2 83. Nxc2 Kd6 84. Ne1 Ke6 85. Nf3
Kf6 86. Kd3 Nf5 87. Ke4 Ne3 88. Ne1 Ke6 89. Kf3 Kf5 90. Nd3 Nc4 91. Nc5 Nd2+ 92.
Ke2 Ne4 93. Nd3 Nd6 94. Kf3 Nb5 95. Nc5 Nd4+ 96. Kf2 Ke5 97. Nd7+ Ke6 98. Nc5+
Kd5 99. Nd3 Nc6 100. Kf3 Kd4 101. Nb2 Ne5+ 102. Kf2 Kc3 103. Na4+ Kb4 104. Nb6
Kc5 105. Nc8 Kd5 106. Nb6+ Ke4 107. Nc8 Nc4 108. Ne7 Ne3 109. Nc8 Nc4 110. Ne7
Ne5 111. Nc8 g4 112. hxg4 Nxg4+ 113. Ke2 Ne3 114. Kf2 Nd1+ 115. Ke2 Ne3 116. Kf2
Nxg2 117. Nd6+ Ke5 118. Nc4+ Kd5 119. Nd2 Ne3 120. Nf3 Nf5 121. Ng5 Nd4 122. Kg2
Ke5 123. Kf2 Kf5 124. Nf7 Nc6 125. Nd6+ Kg4 126. Ne4 Ne5 127. Nf6+ Kf5 128. Nd5
h3 129. Nc3 Nd3+ 130. Kg1 f3 131. Kh2 f2 132. Nd1 0-1

[Event "Unive Open"]
[Site "Hoogeveen NED"]
[Date "2010.10.23"]
[Round "2"]
[White "Mellema, Andries"]
[Black "Matsenko, Sergei"]
[Result "1/2-1/2"]
[BlackTitle "IM"]
[WhiteElo "2153"]
[BlackElo "2461"]
[WhiteFideId "1011464"]
[BlackFideId "4170083"]
[EventDate "2010.10.22"]

1. e4 c5 2. Nf3 Nc6 3. d4 cxd4 4. Nxd4 Qc7 5. Nc3 e6 6. g3 a6 7. Bg2 Nf6 8. O-O
Be7 9. Re1 O-O 10. Nxc6 dxc6 11. e5 Rd8 12. Qf3 Nd5 13. h4 Nxc3 14. Qxc3 Bd7 15.
Bg5 Be8 16. Be4 c5 17. Qf3 Rab8 18. Rad1 b6 19. Rxd8 Rxd8 20. Rd1 Rxd1+ 21. Qxd1
Qxe5 22. Bxe7 Qxe4 23. Qd8 Qc6 24. c4 h6 25. Qd6 f6 26. Qxc6 Bxc6 27. Bd8 b5 28.
b3 Be4 29. Bb6 b4 30. Bxc5 Bb1 31. a3 bxa3 32. Bxa3 Ba2 33. b4 Bxc4 34. f4 Kf7
35. Kf2 Kg6 36. Bb2 Kf5 37. Ke3 Bb5 38. Bc3 Bc6 39. Bd4 h5 40. Bc5 Kg4 41. Kf2
g6 42. Bd4 Kf5 43. Ke3 Bg2 44. Bc3 Bh3 45. Bb2 e5 46. fxe5 fxe5 47. Bc3 Ke6 48.
Bb2 Kd5 49. Ba1 Bf5 50. Bb2 Bb1 51. Ba1 Kc4 52. Bxe5 Kxb4 53. Kd2 a5 54. Kc1 Be4
55. Kb2 a4 56. Bd6+ 1/2-1/2

[Event "Unive Open"]
[Site "Hoogeveen NED"]
[Date "2010.10.23"]
[Round "2"]
[White "Bellaiche, Anthony"]
[Black "Slingerland, Caroline"]
[Result "0-1"]
[WhiteTitle "IM"]
[BlackTitle "WFM"]
[WhiteElo "2445"]
[BlackElo "2081"]
[WhiteFideId "615668"]
[BlackFideId "1002732"]
[EventDate "2010.10.22"]

1. d4 d5 2. c4 Bf5 3. Nc3 e6 4. Nf3 c6 5. e3 Nf6 6. Nh4 Bg6 7. Nxg6 hxg6 8. Bd2
Nbd7 9. g3 Bd6 10. Qb3 Rb8 11. Bg2 Qe7 12. O-O O-O 13. Rad1 dxc4 14. Qxc4 e5 15.
a4 Rfc8 16. a5 e4 17. b4 b5 18. Qb3 Bxb4 19. Nxe4 Bxd2 20. Nxd2 c5 21. dxc5 Nxc5
22. Qb4 Qe6 23. Nf3 Qc4 24. Qb1 b4 25. Rd4 Qb5 26. e4 Na4 27. Rfd1 b3 28. e5 b2
29. Rxa4 Qxa4 30. exf6 Qc2 31. Bf1 Qxb1 32. Rxb1 Rc1 33. Nd2 Rc2 34. Nf3 gxf6
35. Bd3 Rc1+ 36. Ne1 Rxb1 37. Bxb1 Rd8 38. Nd3 Rc8 39. Nxb2 Rc1+ 40. Kg2 Rxb1 0-1

[Event "Unive Open"]
[Site "Hoogeveen NED"]
[Date "2010.10.23"]
[Round "2"]
[White "Sekandar, Kambiz"]
[Black "Battaglini, Gabriel"]
[Result "0-1"]
[BlackTitle "IM"]
[WhiteElo "1877"]
[BlackElo "2429"]
[WhiteFideId "11700939"]
[BlackFideId "621650"]
[EventDate "2010.10.22"]

1. e4 c6 2. d4 d5 3. Nc3 dxe4 4. Nxe4 Bf5 5. Ng3 Bg6 6. f4 e6 7. Nf3 Nd7 8. h4
h6 9. h5 Bh7 10. Bd3 Bxd3 11. Qxd3 Qc7 12. Bd2 Bd6 13. Ne5 Rd8 14. Ne4 Nxe5 15.
Nxd6+ Qxd6 16. fxe5 Qxd4 17. Qxd4 Rxd4 18. O-O-O Ne7 19. Be3 Re4 20. Bxa7 Rxe5
21. c4 Nc8 22. Bf2 Ke7 23. Bd4 Rg5 24. Rd2 Rd8 25. Rhd1 Ke8 26. b4 f6 27. a4
Rxh5 28. Kc2 Rh4 29. Kc3 Nd6 30. Kb3 Nxc4 0-1

[Event "Unive Open"]
[Site "Hoogeveen NED"]
[Date "2010.10.23"]
[Round "2"]
[White "Ducarmon, Quinten"]
[Black "Vocaturo, Daniele"]
[Result "0-1"]
[BlackTitle "GM"]
[WhiteElo "2243"]
[BlackElo "2581"]
[WhiteFideId "1025007"]
[BlackFideId "813192"]
[EventDate "2010.10.22"]

1. e4 e5 2. Nf3 Nc6 3. Bb5 a6 4. Ba4 Nf6 5. d4 exd4 6. O-O Be7 7. Re1 b5 8. Bb3
d6 9. Bd5 Nxd5 10. exd5 Ne5 11. Nxd4 O-O 12. a4 Bg4 13. Qd2 Bd7 14. Nc3 bxa4 15.
Nxa4 Qb8 16. b3 Bf6 17. c4 Qa7 18. Bb2 Rfe8 19. Bc3 Re7 20. Nc6 Bxc6 21. dxc6
Rae8 22. Bxe5 Rxe5 23. Rxe5 Rxe5 24. Re1 Qd4 25. Rxe5 Qxe5 26. g3 Qe4 27. Qb4 g6
28. Nb6 a5 29. Qd2 cxb6 30. Qxd6 Be7 31. Qb8+ Kg7 32. Qxb6 Qe1+ 33. Kg2 Qe6 34.
Qd4+ Bf6 35. Qc5 Qe4+ 36. Kf1 Qe5 37. Qb6 Qd6 38. Qxa5 Qxc6 39. Kg1 Qe4 40. Qa2
Bc3 41. h4 h6 42. Kh2 Qf3 43. Kg1 Bd4 44. Kf1 Qh1+ 45. Ke2 Qg2 46. Ke1 Qg1+ 0-1

[Event "Unive Open"]
[Site "Hoogeveen NED"]
[Date "2010.10.23"]
[Round "2"]
[White "Goudriaan, Etienne"]
[Black "Ikonnikov, Vyacheslav"]
[Result "0-1"]
[BlackTitle "GM"]
[WhiteElo "2253"]
[BlackElo "2571"]
[WhiteFideId "1021150"]
[BlackFideId "4100972"]
[EventDate "2010.10.22"]

1. d4 Nf6 2. c4 c5 3. d5 b5 4. cxb5 a6 5. b6 d6 6. Nc3 Nbd7 7. Nf3 g6 8. e4 Bg7
9. a4 Qxb6 10. a5 Qa7 11. Nd2 O-O 12. Nc4 Rb8 13. Be2 Ne8 14. O-O Nc7 15. Na4
Nb5 16. Nab6 Nxb6 17. axb6 Qd7 18. Be3 e6 19. e5 dxe5 20. Bxc5 exd5 21. Bxf8
Kxf8 22. Na3 Nd4 23. Nc2 Nxe2+ 24. Qxe2 Rxb6 25. Ra5 Rxb2 26. Qd3 Rb5 27. Rxb5
Qxb5 28. Qa3+ Kg8 29. Qd6 Be6 30. h3 h5 31. Ra1 Qb2 32. Qc7 Bf5 33. Rxa6 Qxc2
34. Ra8+ Bf8 35. Qd6 Qc1+ 36. Kh2 Qf4+ 37. Kg1 Qh6 38. Qxd5 Qc1+ 39. Kh2 Qc7 40.
g3 Qc2 41. Qa2 Qxa2 42. Rxa2 Bc5 43. f3 Kg7 44. Ra4 Bd4 45. Kg2 Bd7 46. Ra6 Bb5
47. Rd6 f6 48. Rd5 Be8 49. Rd8 Kf7 50. Rb8 f5 51. Rb4 Bc6 52. Rc4 Bd5 53. Ra4 g5
54. Ra5 Bb7 55. Rb5 Bc6 56. Rb8 g4 57. hxg4 hxg4 58. Rc8 gxf3+ 0-1

[Event "Unive Open"]
[Site "Hoogeveen NED"]
[Date "2010.10.23"]
[Round "2"]
[White "Haslinger, Stewart G"]
[Black "Bonafede, Alessandro"]
[Result "1-0"]
[WhiteTitle "GM"]
[BlackTitle "FM"]
[WhiteElo "2543"]
[BlackElo "2280"]
[WhiteFideId "405248"]
[BlackFideId "813826"]
[EventDate "2010.10.22"]

1. e4 c5 2. Nf3 Nc6 3. d4 cxd4 4. Nxd4 Nf6 5. Nc3 e5 6. Ndb5 d6 7. Bg5 a6 8. Na3
b5 9. Nd5 Be7 10. Bxf6 Bxf6 11. c4 b4 12. Nc2 a5 13. Qf3 Bg5 14. h4 Bh6 15. g4
Bf4 16. Rd1 O-O 17. Nxf4 Qf6 18. g5 Qxf4 19. Qxf4 exf4 20. f3 Ne5 21. Be2 Be6
22. b3 Rfd8 23. Kf2 Kf8 24. Rd2 Ke7 25. Ne1 a4 26. Ng2 axb3 27. axb3 Ra3 28. Rb1
Rda8 29. Nxf4 Ra1 30. Rxa1 Rxa1 31. Bd1 Nc6 32. Nh5 g6 33. Nf6 h5 34. f4 Rb1 35.
Ke3 Na5 36. Rd3 Rb2 37. f5 gxf5 38. exf5 Bxf5 39. Rd5 Nxc4+ 40. bxc4 Be6 41. Rb5
Bxc4 42. Rb7+ Kd8 43. Rd7+ Kc8 44. Rxd6 Kc7 45. Rd2 Rb1 46. Rc2 Rb3+ 47. Kd2
Rd3+ 48. Kc1 Rc3 49. Rxc3 bxc3 50. Kc2 Kd6 51. Kxc3 Be6 52. Kd4 1-0

[Event "Unive Open"]
[Site "Hoogeveen NED"]
[Date "2010.10.23"]
[Round "2"]
[White "Pavlovic, Milos"]
[Black "Klapwijk, Bram"]
[Result "1-0"]
[WhiteTitle "GM"]
[WhiteElo "2531"]
[BlackElo "2022"]
[WhiteFideId "900389"]
[BlackFideId "1009133"]
[EventDate "2010.10.22"]

1. Nf3 Nf6 2. c4 g6 3. Nc3 Bg7 4. e4 d6 5. d4 O-O 6. Be2 e5 7. O-O Nc6 8. d5 Ne7
9. b4 a5 10. Ba3 axb4 11. Bxb4 Ne8 12. c5 h6 13. Nd2 f5 14. Nc4 fxe4 15. Nxe4
Rf4 16. cxd6 cxd6 17. Nexd6 Rd4 18. Qb3 Nxd5 19. Nxc8 Rxc8 20. Ba5 Qh4 21. Nb6
Rc5 22. Nxd5 Rcxd5 23. g3 Qe7 24. Bc4 Nf6 25. Rad1 Qc5 26. Rxd4 exd4 27. Bb6 1-0

[Event "Unive Open"]
[Site "Hoogeveen NED"]
[Date "2010.10.23"]
[Round "2"]
[White "Raznikov, Danny"]
[Black "Lommers, Frank"]
[Result "1-0"]
[WhiteTitle "FM"]
[WhiteElo "2354"]
[BlackElo "2191"]
[WhiteFideId "2811154"]
[BlackFideId "1010107"]
[EventDate "2010.10.22"]

1. d4 Nf6 2. c4 c5 3. d5 b5 4. cxb5 a6 5. bxa6 g6 6. Nc3 Bxa6 7. Nf3 d6 8. g3
Bg7 9. Bg2 Nbd7 10. Rb1 Nb6 11. b3 Bc8 12. Nh4 h6 13. Qc2 Qd7 14. Bb2 g5 15. Nf3
Bb7 16. Rd1 O-O 17. O-O Nfxd5 18. Nxd5 Nxd5 19. Bxg7 Kxg7 20. Nxg5 Nf6 21. Bxb7
Qxb7 22. Nf3 Qe4 23. Qb2 Ra7 24. Rd3 Re8 25. Ra1 Kg8 26. Qd2 Kg7 27. a4 Rb8 28.
Rc1 Rb4 29. Nh4 Rab7 30. Rf3 Rd4 31. Qb2 Rd5 32. Ng2 Qd4 33. Qc2 Qd2 34. Ne3
Qxc2 35. Rxc2 Re5 36. Nc4 Rd5 37. Ne3 Re5 38. Nc4 Rd5 39. Rc1 Ne4 40. Ne3 Rd2
41. Nf5+ Kg6 42. Nh4+ Kg7 43. Nf5+ Kg6 44. Nh4+ Kg7 45. Re3 Nf6 46. Nf5+ Kf8 47.
Nxh6 e6 48. Rc4 Nd5 49. Rf3 Rxe2 50. Rg4 Ke8 51. Rg8+ Kd7 52. Rxf7+ Kc6 53. Rc8+
Rc7 54. Rcxc7+ Nxc7 55. Rf3 d5 56. g4 e5 57. g5 Ne6 58. Rf6 Kd7 59. g6 d4 60.
Kf1 Rb2 61. Rxe6 Rb1+ 62. Kg2 1-0

[Event "Unive Open"]
[Site "Hoogeveen NED"]
[Date "2010.10.23"]
[Round "2"]
[White "Dvirnyy, Daniyyl"]
[Black "Hovenga, Alje"]
[Result "1-0"]
[WhiteTitle "IM"]
[WhiteElo "2481"]
[BlackElo "2176"]
[WhiteFideId "817570"]
[BlackFideId "1005812"]
[EventDate "2010.10.22"]

1. c4 Nf6 2. g3 g6 3. Bg2 Bg7 4. Nc3 d6 5. Rb1 O-O 6. Nf3 e5 7. d3 a5 8. a3 Nc6
9. O-O h6 10. b4 axb4 11. axb4 Be6 12. b5 Ne7 13. Qb3 Rb8 14. Ba3 Qd7 15. Rfc1
Kh7 16. d4 exd4 17. Nxd4 Bh3 18. Bh1 Ng4 19. Rd1 Nf5 20. Nf3 Ne5 21. Nxe5 Bxe5
22. e3 Nh4 23. f3 Nf5 24. Ne4 Ne7 25. b6 c6 26. Bxd6 Qe6 27. Bxb8 Bxb8 28. Nf2
h5 29. Nxh3 Qxh3 30. Bg2 Qf5 31. Qd3 Qc5 32. Qd4 1-0

[Event "Unive Open"]
[Site "Hoogeveen NED"]
[Date "2010.10.23"]
[Round "2"]
[White "Caspi, Israel"]
[Black "Van Apeldoorn, Janton"]
[Result "1-0"]
[WhiteTitle "IM"]
[BlackTitle "CM"]
[WhiteElo "2457"]
[BlackElo "2164"]
[WhiteFideId "2807394"]
[BlackFideId "1013831"]
[EventDate "2010.10.22"]

1. e4 c5 2. Nf3 Nc6 3. d4 cxd4 4. Nxd4 Nf6 5. Nc3 e5 6. Ndb5 d6 7. Bg5 a6 8. Na3
b5 9. Bxf6 gxf6 10. Nd5 f5 11. Bd3 Be6 12. O-O Bxd5 13. exd5 Ne7 14. Nxb5 Bg7
15. Nc3 O-O 16. Qe2 a5 17. Rab1 f4 18. f3 f5 19. Nb5 Kh8 20. c4 Rf6 21. Qf2 Rc8
22. b4 axb4 23. Rxb4 Rh6 24. Rfb1 Qf8 25. Na7 Re8 26. Rb7 Bf6 27. Nc6 Rh5 28.
Rb8 Nc8 29. h3 e4 30. fxe4 fxe4 31. Bxe4 Rxe4 32. Qf3 Rhe5 33. Nxe5 Rxe5 34.
Qxf4 Rf5 35. Qg4 Be5 36. Re1 h5 37. Qe4 Rf4 38. Qg6 Rf5 39. Rb7 Bd4+ 40. Kh2
Be5+ 41. Rxe5 1-0

[Event "Unive Open"]
[Site "Hoogeveen NED"]
[Date "2010.10.23"]
[Round "2"]
[White "Ris, Robert"]
[Black "Poelstra, Ben"]
[Result "1-0"]
[WhiteTitle "IM"]
[WhiteElo "2416"]
[BlackElo "2148"]
[WhiteFideId "1011480"]
[BlackFideId "1018604"]
[EventDate "2010.10.22"]

1. d4 Nf6 2. c4 e6 3. g3 d5 4. Nf3 dxc4 5. Bg2 c5 6. O-O Nc6 7. dxc5 Qxd1 8.
Rxd1 Bxc5 9. Nbd2 Ke7 10. Nxc4 Ne4 11. Be3 Bxe3 12. fxe3 f5 13. Nfe5 Nxe5 14.
Nxe5 Kf6 15. Nc4 Rb8 16. Bxe4 fxe4 17. Rd4 b5 18. Rf1+ Ke7 19. Ne5 Rb6 20. Rf7+
Ke8 21. Rc7 1-0